| 000 | 00799nam a22002177a 4500 | ||
|---|---|---|---|
| 001 | BD-DhSAU 7987 | ||
| 003 | BD-DhSAU | ||
| 005 | 20150530143428.0 | ||
| 008 | 150530b1969 bg ||||| |||| 00| 0 ben d | ||
| 040 | _aBD-DhSAU | ||
| 082 |
_222 _a৬৩০.৭১৫ _bডাবকৃ |
||
| 100 | _aকবির, এ. কে. এম. ফজলুল | ||
| 245 |
_aকৃষিক্ষেত্রে অর্থনৈতিক সংকট / _cএ. কে. এম. ফজলুল কবির |
||
| 260 |
_aঢাকা : _bগ্রিন বুক হাউস , _c১৯৬৯. |
||
| 300 |
_aiv, ৮২ পৃ। : _c২২ সে মি। |
||
| 590 | _aJerin | ||
| 650 | _aExtension | ||
| 650 | _aকৃষি | ||
| 650 | _aঅর্থনৈতিক সংকট | ||
| 942 |
_2ddc _cBOOK |
||
| 999 |
_c7987 _d7987 |
||